My name is...Vincent van Gogh / (Record no. 1501)
[ view plain ]
| 000 -LEADER | |
|---|---|
| fixed length control field | 02186cam a22003014a 4500 |
| 005 - DATE AND TIME OF LATEST TRANSACTION | |
| control field | 20240116113338.0 |
| 020 ## - INTERNATIONAL STANDARD BOOK NUMBER | |
| International Standard Book Number | 9780764133947 |
| 020 ## - INTERNATIONAL STANDARD BOOK NUMBER | |
| International Standard Book Number | 0764133942 |
| 040 ## - CATALOGING SOURCE | |
| Original cataloging agency | DLC |
| Transcribing agency | DLC |
| Modifying agency | DLC |
| -- | FISKH |
| Language of cataloging | eng |
| 050 00 - LIBRARY OF CONGRESS CALL NUMBER | |
| Classification number | ND653.G7 |
| Item number | M31413 2006 |
| 082 ## - DEWEY DECIMAL CLASSIFICATION NUMBER | |
| Classification number | ND653.G7 |
| 100 1# - MAIN ENTRY--PERSONAL NAME | |
| Personal name | Martín, Carme. |
| 245 10 - TITLE STATEMENT | |
| Title | My name is...Vincent van Gogh / |
| 246 30 - VARYING FORM OF TITLE | |
| Title proper/short title | Vincent van Gogh |
| 260 ## - PUBLICATION, DISTRIBUTION, ETC. | |
| Place of publication, distribution, etc. | Hauppauge : |
| Name of publisher, distributor, etc. | Barron's, |
| Date of publication, distribution, etc. | 2006. |
| 300 ## - PHYSICAL DESCRIPTION | |
| Extent | 63 pages : |
| Other physical details | color illustrations ; |
| Dimensions | 22 cm |
| 490 0# - SERIES STATEMENT | |
| Series statement | My name is-- |
| 500 ## - GENERAL NOTE | |
| General note | Originally published by Parramón Ediciones, Barcelona, Spain, c2004. |
| 505 ## - FORMATTED CONTENTS NOTE | |
| Formatted contents note | Q |
| 520 ## - SUMMARY, ETC. | |
| Summary, etc. | Vincent van Gogh was born in the Netherlands, but spent most of his life as an artist in Paris and the southern French town of Arles. His art, with its unusually vibrant colors and fantastic shapes, found very little acceptance during his lifetime, and he was supported in large part by his more practical brother, Theo, an art dealer. Vincent suffered from periods of clinical depression, which culminated with his suicide in 1890, when he was only 47 years old. His recognition as one of the great artists of his time came only after his death. Older boys and girls will find hours of reading pleasure in the very accessible biographies in the My Name Is ... series. The narratives are substantial, averaging roughly 7,500 words each, as they recount their subjects' accomplishments in the context of their times and historical backgrounds. Each book's narrative is supplemented with handsome full-color illustrations, including some of full-page size. Titles in this series make ideal additions both to school and home libraries, and can serve as supplementary reading for classroom discussion and essay projects. A two-page time line at the back of each book summarizes the subject's life, as well as important cultural and historical events that occurred during his lifetime. |
| 521 ## - TARGET AUDIENCE NOTE | |
| Target audience note | 920 <br/><br/> |
| Source | Lexile estimate<br/> |
| 521 ## - TARGET AUDIENCE NOTE | |
| Target audience note | Z'<br/> |
| Source | Raz-Plus<br/> |
| 650 #0 - SUBJECT ADDED ENTRY--TOPICAL TERM | |
| Topical term or geographic name entry element | Painters |
| Geographic subdivision | Netherlands |
| Form subdivision | Biography |
| -- | Juvenile literature. |
| 700 1# - ADDED ENTRY--PERSONAL NAME | |
| Personal name | Luciani, Rebeca. |
| Relator term | illustrator |
| 906 ## - LOCAL DATA ELEMENT F, LDF (RLIN) | |
| a | 7 |
| b | cbc |
| c | orignew |
| d | 2 |
| e | epcn |
| f | 20 |
| g | y-gencatlg |
| 942 ## - ADDED ENTRY ELEMENTS (KOHA) | |
| Source of classification or shelving scheme | Dewey Decimal Classification |
| Koha item type | Books |
| Suppress in OPAC | No |
| 999 ## - | |
| -- | 1501 |
| -- | 1501 |
| Withdrawn status | Lost status | Source of classification or shelving scheme | Damaged status | Not for loan | Collection | Home library | Current library | Shelving location | Date acquired | Total Checkouts | Full call number | Barcode | Date last seen | Copy number | Price effective from | Koha item type |
|---|---|---|---|---|---|---|---|---|---|---|---|---|---|---|---|---|
| Dewey Decimal Classification | Non-Fiction | Footprints International School Library Network Toul Kork Campus | Footprints International School Library Network Toul Kork Campus | A TK Campus, 4th Floor, Room B401, Non-Fiction Bookcases(7-8) | 08/30/2023 | MAR 759.9492 ND653.G7 | 2023-0410 | 08/30/2023 | 1 | 08/30/2023 | Books | |||||
| Dewey Decimal Classification | Non-Fiction | Footprints International School Library Network Toul Kork Campus | Footprints International School Library Network Toul Kork Campus | A TK Campus, 4th Floor, Room B401, Non-Fiction Bookcases(7-8) | 08/30/2023 | MAR 759.9492 ND653.G7 | 2023-0695 | 09/25/2023 | 2 | 08/30/2023 | Books | |||||
| Dewey Decimal Classification | Non-Fiction | Footprints International School Library Network Toul Kork Campus | Footprints International School Library Network Toul Kork Campus | A TK Campus, 4th Floor, Room B401, Non-Fiction Bookcases(7-8) | 08/30/2023 | MAR 759.9492 ND653.G7 | 2023-0696 | 09/25/2023 | 3 | 08/30/2023 | Books | |||||
| Dewey Decimal Classification | Non-Fiction | Footprints International School Library Network Toul Kork Campus | Footprints International School Library Network Toul Kork Campus | A TK Campus, 4th Floor, Room B401, Non-Fiction Bookcases(7-8) | 08/30/2023 | MAR 759.9492 ND653.G7 | 2023-0697 | 09/25/2023 | 4 | 08/30/2023 | Books | |||||
| Dewey Decimal Classification | Non-Fiction | Footprints International School Library Network Toul Kork Campus | Footprints International School Library Network Toul Kork Campus | A TK Campus, 4th Floor, Room B401, Non-Fiction Bookcases(7-8) | 08/30/2023 | MAR 759.9492 ND653.G7 | 2023-0698 | 09/25/2023 | 5 | 08/30/2023 | Books | |||||
| Dewey Decimal Classification | Non-Fiction | Footprints International School Library Network Toul Kork Campus | Footprints International School Library Network Toul Kork Campus | A TK Campus, 4th Floor, Room B401, Non-Fiction Bookcases(7-8) | 08/30/2023 | MAR 759.9492 ND653.G7 | 2023-0699 | 09/25/2023 | 6 | 08/30/2023 | Books | |||||
| Dewey Decimal Classification | Non-Fiction | Footprints International School Library Network Toul Kork Campus | Footprints International School Library Network Toul Kork Campus | A TK Campus, 4th Floor, Room B401, Non-Fiction Bookcases(7-8) | 01/16/2024 | MAR 759.9492 ND653.G7 | 2024-0037 | 01/16/2024 | 7 | 01/16/2024 | Books |
